书目信息 |
| 题名: |
野生食品资源与产品开发
|
|
| 作者: | 王万贤 , 杨毅 主编 | |
| 分册: | ||
| 出版信息: | 武汉 武汉大学出版社 1998.05 |
|
| 页数: | 374页 | |
| 开本: | 26cm | |
| 丛书名: | ||
| 单 册: | ||
| 中图分类: | S759.83 | |
| 科图分类: | ||
| 主题词: | 森林经营 , 森林--计测学 , 森林经理 , 林业经营 | |
| 电子资源: | ||
| ISBN: | 7-307-02556-6 | |
| 000 | 00708nam0 2200241 450 | |
| 001 | 0659373002 | |
| 005 | 20060404162933.00 | |
| 010 | @a7-307-02556-6@dCNY28.00 | |
| 100 | @a20060404d1998 km y0chiy0120 ea | |
| 101 | 0 | @achi |
| 102 | @aCN@b420000 | |
| 200 | 1 | @a野生食品资源与产品开发@Aye sheng shi pin zi yuan yu chan pin kai fa@f王万贤,杨毅主编@Fwang wan xian,yang yi zhu bian |
| 210 | @a武汉@c武汉大学出版社@d1998.05 | |
| 215 | @a374页@d26cm | |
| 606 | 0 | @a森林经营 |
| 606 | 0 | @a森林@x计测学 |
| 606 | 0 | @a森林经理 |
| 606 | 0 | @a林业经营 |
| 690 | @aS759.83@v3 | |
| 701 | 0 | @a王万贤@Awang wan xian@4主编 |
| 701 | 0 | @a杨毅@Ayang yi@4主编 |
| 801 | 0 | @aCN@bPFT@c20060404 |
| 905 | @a10447@dS759.83@eW901 | |
| 野生食品资源与产品开发/王万贤,杨毅主编.-武汉:武汉大学出版社,1998.05 |
| 374页;26cm |
| ISBN 7-307-02556-6:CNY28.00 |
| ● |
| 相关链接 |
|
|
|
正题名:野生食品资源与产品开发
索取号:S759.83/W901
 
预约/预借
| 序号 | 登录号 | 条形码 | 馆藏地/架位号 | 状态 | 备注 |
| 1 | 65377 | 200653774 | 自科库401/401自科库 1排2列2层/ [索取号:S759.83/W901] | 在馆 | |
| 2 | 65378 | 200653783 | 自科库401/401自科库 1排2列2层/ [索取号:S759.83/W901] | 在馆 |